000 00736nam a22002297a 4500
008 131126b xxu||||| |||| 00| 0 eng d
020 _a81-239-0620-X
024 _cAvailable
037 _cAvailable
040 _aMBSTU LIBRARY
_dMBSTU LIBRARY
082 _222
_a363.73 ENV
100 _aEdited Satish Kumar Bhargava.
245 _aEnvironmental pollution and human health.
260 _aNew Delhi
_bCBS Pub. and Distributors.
_c1998
300 _a27 cm.
_b136 page
_f1
_g27 cm.
600 _2Environmental pollution.
650 _2Environmental pollution.
700 _aEdited Satish Kumar Bhargava.
270 _aNew Delhi
_bNew Delhi
_dIndia
942 _2ddc
_cBK
999 _c883
_d883